Statistics for Top 15 most populous countries in 1907

Click here to take the quiz!

General Stats

  • This quiz has been taken 53 times
  • The average score is 13 of 15

Answer Stats

PopulationAnswer% Correct
415MQing China
100%
289MBritish Raj
98%
39.7MUnited Kingdom
98%
39.2MFrance
96%
67MGermany
94%
34MItaly
94%
151MRussia proper
94%
87MUnited States
94%
42MJapan
92%
20.7MBrazil
88%
20.7MSpain
88%
45MDutch East Indies
79%
20.8MOttoman Empire
67%
33MAustria-Hungary
65%
17MCongress Poland
60%

Score Distribution

Percentile by Number Answered

Percent of People with Each Score

Your Score History

You have not taken this quiz